000 00802cam a22002412 4500
001 0000003948
005 20151217145746.0
008 070517s xx 000 0 eng d
020 _a0198558333 :
_cKES 1,340
040 _aKABU
_cKABU
050 0 _aQD321
_b.D38
100 1 _aDavis, Benjamin G.
_@0000085302
245 1 0 _aCarbohydrate chemistry /
_cBenjamin G. Davis, Antony J. Fairbanks.
260 _aOxford ;
_aNew York :
_bOxford University Press,
_c2002.
300 _a100 p. :
_bill. ;
_c25 cm.
440 0 _aOxford chemistry primers
_v99 ;
_@0000154223
650 0 _aCarbohydrates.
_@0000154224
700 1 _aFairbanks, Antony J.
_@0000154225
908 _a070517
950 _@1
999 _c2327
_d2327